000 00202nam a2200109Ia 4500
100 _aDESAI PRITI
942 _cBK
245 _aINDELIBLE IMPRINTS.
260 _b#N/A
546 _aENGLISH
999 _c18103
_d18103